Things to come : (Record no. 1906)

MARC details
000 -LEADER
fixed length control field 00759cam a2200253Ia 4500
001 - CONTROL NUMBER
control field 30183
003 - CONTROL NUMBER IDENTIFIER
control field GBCCL
005 - DATE AND TIME OF LATEST TRANSACTION
control field 20241126110412.0
008 - FIXED-LENGTH DATA ELEMENTS--GENERAL INFORMATION
fixed length control field 860211c19641958miu b 001 0 eng d
020 ## - INTERNATIONAL STANDARD BOOK NUMBER
International Standard Book Number 0310308909
035 ## - SYSTEM CONTROL NUMBER
System control number (OCoLC)13135749
040 ## - CATALOGING SOURCE
Original cataloging agency IGA
Transcribing agency IGA
Modifying agency FYB
-- LBB
049 ## -
-- LBBK
082 ## - DEWEY DECIMAL CLASSIFICATION NUMBER
Classification number 236.07
Item number PEN
090 ## - LOCALLY ASSIGNED LC-TYPE CALL NUMBER (OCLC); LOCAL CALL NUMBER (RLIN)
Classification number (OCLC) (R) ; Classification number, CALL (RLIN) (NR) BT821
Local cutter number (OCLC) ; Book number/undivided call number, CALL (RLIN) .P4 1964
100 1# - MAIN ENTRY--PERSONAL NAME
Personal name Pentecost, J. Dwight.
9 (RLIN) 2790
245 10 - TITLE STATEMENT
Title Things to come :
Remainder of title a study in Biblical eschatology /
Statement of responsibility, etc. by J. Dwight Pentecost ; introduction by John F. Walvoord.
260 ## - PUBLICATION, DISTRIBUTION, ETC.
Place of publication, distribution, etc. Grand Rapids, Mich. :
Name of publisher, distributor, etc. Zondervan,
Date of publication, distribution, etc. [1964], c1958.
300 ## - PHYSICAL DESCRIPTION
Extent x, 633 p. ;
Dimensions 24 cm.
500 ## - GENERAL NOTE
General note Includes indexes.
504 ## - BIBLIOGRAPHY, ETC. NOTE
Bibliography, etc. note Bibliography: p. 584-597.
650 #0 - SUBJECT ADDED ENTRY--TOPICAL TERM
Topical term or geographic name entry element Eschatology.
9 (RLIN) 2009
942 ## - ADDED ENTRY ELEMENTS (KOHA)
Source of classification or shelving scheme Dewey Decimal Classification
Koha item type Books
Koha issues (borrowed), all copies 61
Holdings
Withdrawn status Lost status Source of classification or shelving scheme Damaged status Not for loan Home library Current Library Shelving location Date acquired Total checkouts Total renewals Full call number Barcode Date last seen Date last checked out Copy number Price effective from Koha item type
    Dewey Decimal Classification     GRACE BIBLE COLLEGE GRACE BIBLE COLLEGE Theology 2017-06-01 34 7 236.07 PEN 004945 2026-01-15 2026-01-13 c.1 2017-06-01 Books
    Dewey Decimal Classification     GRACE BIBLE COLLEGE GRACE BIBLE COLLEGE Theology 2017-06-01 32 2 236.07 PEN 007694 2026-03-02 2026-02-19 c.2 2017-06-01 Books
© Grace Bible College Library 2025